• 首页
  • 本馆介绍
  • 公告通知
  • 最新文献
  • 馆藏检索
  • 电子资源
  • 读者导购
  • 参考咨询
  • 我的图书馆
  • 登录
  • 详细信息显示
  • 放入我的书架
  • 预约/预借图书
  • 作者相关作品
  • 分类相关作品
  • 丛书相关作品
  • 出版社相关作品

书目信息

  • 表格格式
  • 工作单格式
  • 卡片格式
题名:
儿童情绪管理全书
    
 
作者: 甘开全 著
分册:  
出版信息: 苏州   古吴轩出版社  2018.08
页数: 194页
开本: 21cm
丛书名:
单 册:
中图分类: B842.6 , G781
科图分类:
主题词: 情绪--qing xu--自我控制--儿童教育--家庭教育
电子资源:
ISBN: 978-7-5546-1177-7
000 01054nam0 2200241 450
001 0104125649
005 20201104125714.0
010    @a978-7-5546-1177-7@dCNY42.00
100    @a20181129e20192018em y0chiy50 ea
101 0  @achi
102    @aCN@b320000
105    @ay z 000yy
106    @ar
200 1  @a儿童情绪管理全书@Aer tong qing xu guan li quan shu@f甘开全著
210    @a苏州@c古吴轩出版社@d2018.08@h2019.08
215    @a194页@d21cm
330    @a本书帮助广大家长解决0-12岁孩子的情绪问题,书中内容包括让孩子了解自己的情绪变化,以及父母如何正确对待孩子的哭闹问题。比如:孩子生气时,父母要转移孩子的注意力;孩子感到害怕时,父母要营造安全情境;孩子输不起时,父母要引导孩子坦然接受失败;孩子任性时,父母要学会按下“暂停键”。此外,本书还以情景还原的方式指导父母在生活和学习中妥当处理孩子的各种棘手问题,从而培养出受人欢迎的孩子。
606 0  @a情绪@Aqing xu@x自我控制@x儿童教育@x家庭教育
690    @aB842.6@v5
690    @aG781@v5
701  0 @a甘开全@Agan kai quan@4著
801  0 @aCN@bBJSZM@c20201104
905    @b1262067-70@dB842.6@e3657@f4
    
    儿童情绪管理全书/甘开全著.-苏州:古吴轩出版社,2018.08(2019.08)
    194页;21cm
    
    
    ISBN 978-7-5546-1177-7:CNY42.00
    本书帮助广大家长解决0-12岁孩子的情绪问题,书中内容包括让孩子了解自己的情绪变化,以及父母如何正确对待孩子的哭闹问题。比如:孩子生气时,父母要转移孩子的注意力;孩子感到害怕时,父母要营造安全情境;孩子输不起时,父母要引导孩子坦然接受失败;孩子任性时,父母要学会按下“暂停键”。此外,本书还以情景还原的方式指导父母在生活和学习中妥当处理孩子的各种棘手问题,从而培养出受人欢迎的孩子。
●
相关链接 在E读中查询图书 在五车中查询图书 在当当中查询图书 在豆瓣中查询图书


正题名:儿童情绪管理全书     索取号:B842.6/3657         预约/预借

序号 登录号 条形码 馆藏地/架位号 状态 备注
1 1262067   212620671   第一样本阅览室/ [索取号:B842.6/3657] 在馆    
2 1262068   212620680   教育系资料室/ [索取号:B842.6/3657] 在馆    
3 1262069   212620699   教育系资料室/ [索取号:B842.6/3657] 在馆    
4 1262070   212620706   第一借阅区/ [索取号:B842.6/3657] 在馆    
唐山师范学院图书馆 欢迎您!
大连网信软件有限公司© 版权所有